Statistics for Famous Landmarks in Countries

Click here to take the quiz!

General Stats

  • This quiz has been taken 32 times
  • The average score is 11 of 14

Answer Stats

HintAnswer% Correct
In the US. A present from the French.Statue of Liberty
100%
In Italy. Used for ancient Roman gladiator fights.Colosseum
97%
In China. Longest wall in the World.Great Wall of China
97%
In France. A tower in Paris.Eiffel Tower
93%
In India. Took 22 years to make.Taj Mahal
93%
In Australia. Largest coral reef ever.Great Barrier Reef
87%
In Japan. A mountain in many Japanese paintings.Mount Fuji
87%
In England. Made of large rocks.Stonehenge
83%
In Peru. One of the current 7 Wonders of the World.Machu Picchu
80%
In Russia. A central square in Moscow.Red Square
80%
In Brazil. Wasn't finished until 1931.Christ the Redeemer
70%
In Jordan. Discovered in 1812.Petra
70%
In Mexico. One of the Current 7 Wonders of the World.Chichén-Itzá
53%
In Egypt. Still unknown how it was made.Great Pyramid of Giza
53%

Score Distribution

Percentile by Number Answered

Percent of People with Each Score

Your Score History

You have not taken this quiz